É divertido aprender : (Record no. 1007)

MARC details
000 -LÍDER
campo de controle de tamanho fixo 00892nam a22002177a 4500
003 - IDENTIFICADOR DO NÚMERO DE CONTROLE
campo de controle OSt
005 - DATA E HORÁRIO DA ÚLTIMA TRANSAÇÃO
campo de controle 20251124113324.0
008 - CAMPO DE DADOS FIXOS--INFORMAÇÃO GERAL
campo de controle de tamanho fixo 251124b |||||||| |||| 00| 0 eng d
040 ## - FONTE DA CATALOGAÇÃO
Instituição que transcreveu o registro Nolita
041 ## - CÓDIGO DE IDIOMA
Código do idioma do texto/trilha sonora ou título diferente Português
245 ## - TÍTULO
Título É divertido aprender :
Restante do título culinária para crianças /
Indicação de responsabilidade, etc. [coordenação, João J. Nobro]
260 ## - PUBLICAÇÃO, DISTRIBUIÇÃO, ETC.
Local de publicação, distribuição, etc. Rio de Janeiro :
Nome do editor, distribuidor, etc. Altaya,
Data da publicação, distribuição, etc. 1997
300 ## - DESCRIÇÃO FÍSICA
Extensão 82 p. :
Outros detalhes físicos il. col. ;
Dimensões 28 cm
500 ## - NOTA GERAL
Nota geral Inclui índice.
520 ## - NOTA DE RESUMO, ETC.
Resumo, etc. Obra introdutória que apresenta atividades culinárias pensadas para o público infantil. Traz receitas simples, ilustradas em cores, com instruções claras e acessíveis, estimulando autonomia, educação alimentar e envolvimento lúdico das crianças na cozinha.
650 #0 - ASSUNTO--TERMO TÓPICO
Cabeçalho tópico ou nome geográfico Gastronomia
9 (RLIN) 7
650 #0 - ASSUNTO--TERMO TÓPICO
Cabeçalho tópico ou nome geográfico Culinária infantil
9 (RLIN) 1652
650 #0 - ASSUNTO--TERMO TÓPICO
Cabeçalho tópico ou nome geográfico Receitas
9 (RLIN) 12
700 ## - ENTRADA ADICIONADA - NOME PESSOAL
Nome pessoal Nobro, João J.
9 (RLIN) 1524
Função do autor por extenso Coordenação
942 ## - ELEMENTOS DE ENTRADA ADICIONADOS (KOHA)
Fonte de classificação ou esquema de arquivamento Classificação decimal de Dewey
Tipo de material Koha Livros
Ocultar no OPAC Não
Holdings
Situação do descarte Situação das perdas Fonte de classificação ou esquema de arquivamento Status danificado Não pode ser emprestado Coleção Biblioteca de origem Biblioteca atual Data de aquisição Total de empréstimos Número de chamada completo Código de barras Data de último acesso Data do preço efetivo Tipo de material Koha
    Classificação decimal de Dewey     Não ficção Nolita Roastery Nolita Roastery 11/24/2025   L1085 L1085 11/24/2025 11/24/2025 Livros